Protección del conocimiento tradicional elementos conceptuales para una propuesta de reglamentación : (Registro nro. 5032)
[ vista simple ]
| 000 -LEADER | |
|---|---|
| fixed length control field | 01478nam a2200277Ia 4500 |
| 003 - CONTROL NUMBER IDENTIFIER | |
| control field | OSt |
| 005 - DATE AND TIME OF LATEST TRANSACTION | |
| control field | 20200505105401.0 |
| 008 - FIXED-LENGTH DATA ELEMENTS--GENERAL INFORMATION | |
| fixed length control field | 191128s2001 ck gr 000 0 spa d |
| 020 ## - INTERNATIONAL STANDARD BOOK NUMBER | |
| International Standard Book Number | 9589682650 |
| 040 ## - CATALOGING SOURCE | |
| Original cataloging agency | CO-JMCR |
| Transcribing agency | CO-JMCR |
| 041 0# - LANGUAGE CODE | |
| Language code of text/sound track or separate title | spa |
| 082 04 - DEWEY DECIMAL CLASSIFICATION NUMBER | |
| Classification number | 305.89861 / |
| Item number | I577p |
| 100 1# - MAIN ENTRY--PERSONAL NAME | |
| Personal name | Sánchez, Enrique, |
| Relator term | autor |
| 9 (RLIN) | 3910 |
| 245 10 - TITLE STATEMENT | |
| Title | Protección del conocimiento tradicional elementos conceptuales para una propuesta de reglamentación : |
| Remainder of title | el caso de Colombia / |
| Statement of responsibility, etc. | Enrique Sánchez, María del Pilar Pardo, Margarita Flores y Paola Ferreira |
| 250 ## - EDITION STATEMENT | |
| Edition statement | Primera edición |
| 260 ## - PUBLICATION, DISTRIBUTION, ETC. | |
| Place of publication, distribution, etc. | Bogotá : |
| Name of publisher, distributor, etc. | Instituto Alexander von Humbolt, |
| Date of publication, distribution, etc. | 2001 |
| 300 ## - PHYSICAL DESCRIPTION | |
| Extent | 383 páginas ; |
| Dimensions | 21 cm. |
| 505 ## - FORMATTED CONTENTS NOTE | |
| Formatted contents note | Los grupos étnicos y las comunidades locales en Colombia -- Los conocimientos, prácticas, tecnología e innovaciones de los grupos étnicos y las comunidades locales tradicionales -- Características de conocimiento tradicional que debe ser tenida en cuenta |
| 520 ## - SUMMARY, ETC. | |
| Summary, etc. | Este trabajo se enmarca dentro de las directrices de la misión del Instituto Alexander von Humboldt de Investigaciones biológicas. El instituto Humboldt fue creado mediante la ley 99 de 1993 y forma parte del Sistema Nacional Ambiental. |
| 650 14 - SUBJECT ADDED ENTRY--TOPICAL TERM | |
| Topical term or geographic name entry element | Etnología Cultura |
| 9 (RLIN) | 3911 |
| 650 24 - SUBJECT ADDED ENTRY--TOPICAL TERM | |
| Topical term or geographic name entry element | Conocimiento tradicional |
| 9 (RLIN) | 3912 |
| 700 1# - ADDED ENTRY--PERSONAL NAME | |
| Personal name | Pardo, María del Pilar, |
| Relator term | autora |
| 9 (RLIN) | 3913 |
| 700 1# - ADDED ENTRY--PERSONAL NAME | |
| Personal name | Flores, Margarita, |
| Relator term | autora |
| 9 (RLIN) | 3914 |
| 700 1# - ADDED ENTRY--PERSONAL NAME | |
| Personal name | Ferreira, Paola, |
| Relator term | autora |
| 9 (RLIN) | 3915 |
| 942 ## - ADDED ENTRY ELEMENTS (KOHA) | |
| Source of classification or shelving scheme | Dewey Decimal Classification |
| Koha item type | Books |
| Withdrawn status | Lost status | Source of classification or shelving scheme | Materials specified (bound volume or other part) | Damaged status | Not for loan | Home library | Current library | Shelving location | Date acquired | Source of acquisition | Cost, normal purchase price | Total Checkouts | Full call number | Barcode | Date last seen | Copy number | Price effective from | Koha item type |
|---|---|---|---|---|---|---|---|---|---|---|---|---|---|---|---|---|---|---|
| Dewey Decimal Classification | Donación--15/04/2018-- | Biblioteca Pública José María del Castillo y Rada | Biblioteca Pública José María del Castillo y Rada | General Stacks | 11/28/2019 | Donación | 0.00 | 305.89861 / I577p | 430001174 | 05/16/2024 | Ej.1 | 11/28/2019 | Books |